| 000 | 00571nam a22001817a 4500 | ||
|---|---|---|---|
| 003 | OSt | ||
| 005 | 20260424013052.0 | ||
| 008 | 260424b |||||||| |||| 00| 0 eng d | ||
| 020 | _a978-971-0581-86-3 | ||
| 040 |
_aDWCL Main Lib. _cOC |
||
| 082 | _aFil. 500 C744 2014 | ||
| 100 |
_aAbecilla, Nesjohn L. _eAuthor |
||
| 245 |
_aConceptual science and beyond 8 / _cNesjohn L. Abecilla [and five others] |
||
| 260 |
_aQuezon City : _bBrilliant Creations, _cc2014. |
||
| 300 |
_ax, 266 pages : _billustrations ; _c25 cm. |
||
| 650 | _a1. Science. | ||
| 942 |
_2ddc _cBK - FIL _n0 |
||
| 999 |
_c9822 _d9822 |
||